00000000nam##2200000za#4500
0019.625759
003CaOODSP
00520200706134932
007ta
008150406|2001||||xxc|||||     f|0| 0 fre|d
020 |a0-660-96587-9
022 |a1200-5231
040 |aCaOODSP|bfre
043 |an-cn---
0861 |aCS11-0019/175F
24500|aPénuries de main-d'oeuvre qualifiée et adoption des technologies de pointe / |cpar David Sabourin.
260 |aOttawa - Ontario : |bStatistique Canada. |c2001.
300 |av, 41p. : |bréférences, tableaux ; |c28 cm.
4901 |aDocuments de recherche|x1200-5231|vN° 175
500 |a«Le présent document vise à déterminer dans quelle mesure les établissements du secteur canadien de la fabrication font face à des pénuries de main-d'eouvre qualifiée et, le cas échéant, si ces pénuries semblent nuire à l'adoption des technologies de pointe.»--Résumé.
5203 |aLe présent document vise à déterminer dans quelle mesure les établissements du secteur canadien de la fabrication font face à des pénuries de main-d'eouvre qualifiée et, le cas échéant, si ces pénuries semblent nuire à l'adoption des technologies de pointe.--Résumé
563 |aCouverture souple
590 |a01-40|b2001-10-05
69107|aBudget|2gcpds
69107|aFinances publiques|2gcpds
7102 |aStatistique Canada. |bDirection des études analytiques.
7201 |aSabourin, David
7760#|tPénuries de main-d'oeuvre qualifiée et adoption des technologies de pointe / |w(CaOODSP)9.590949
830#0|aDocuments de recherche,|x1200-5231|vN° 175|w(CaOODSP)9.512877